000 00874nam a2200253 i 4500
001 173219
003 ES-MaACL
005 20230906215158.0
008 091118s2003 sp |||| | spa d
020 _a84-493-1514-X
080 _a615.851.1
100 1 _aNeenan, Michael.
_9156116
245 1 1 _a"Coaching" para vivir
_b: aprende a organizarte y a ser más asertivo /
_cMichael Neenan y Windy Dryden ; [traducción de Genís Sánchez Barberán].
260 _aBarcelona :
_bPaidós Ibérica,
_c[2003]
300 _a286 p. ;
_c21 cm.
490 1 _aPaidós plural ;
_v42
504 _aBibliografía: p. [261]-271. Índice.
650 4 _aTerapia cognitiva.
_917483
650 4 _aAsesoramiento personal.
_9156117
700 1 _aDryden, Windy (
_d1950-)
_9156118
830 1 _aPaidós plural ;
_v42
_9185284
852 4 _aES-MaACL
_jE-13167
999 _c173219
_d173219